logo

Bir Sreshtho Munshi Abdur Rouf Library
Jhenaidah Cadet College

জীবন আমার বোন / (Record no. 374)

MARC details
000 -LEADER
fixed length control field 00714nam a2200229 a 4500
001 - CONTROL NUMBER
JCCL Control Number 374
003 - CONTROL NUMBER IDENTIFIER
JCCL marc code BD-JhCC
005 - DATE AND TIME OF LATEST TRANSACTION
control field 20220608134021.0
008 - FIXED-LENGTH DATA ELEMENTS--GENERAL INFORMATION
fixed length control field 171004s1976 bg a|||| |||| 000 0 ben d
020 ## - INTERNATIONAL STANDARD BOOK NUMBER
International Standard Book Number 9847012400197
035 ## - SYSTEM CONTROL NUMBER
system control number (BD-JhCC)374
040 ## - CATALOGING SOURCE
Original cataloging agency BD-JhCC
Modifying agency BD-JhCC
041 ## - LANGUAGE CODE
Language code of Book ben
082 ## - DEWEY DECIMAL CLASSIFICATION NUMBER
DDC Edition number 23
Classification number 891.443
Author mark and Year HAQ 1976
100 ## - MAIN ENTRY--PERSONAL NAME
Personal name হক, মাহমুদুল
245 ## - TITLE STATEMENT
Title জীবন আমার বোন /
Statement of responsibility, etc মাহমুদুল হক
260 ## - PUBLICATION, DISTRIBUTION, ETC. (IMPRINT)
Place of publication, distribution, etc ঢাকা;
Name of publisher, distributor, etc সাহিত্য প্রকাশ,
Date of publication, distribution, etc ১৯৭৬
300 ## - PHYSICAL DESCRIPTION
Pagination ১৫৭ পৃ.;
Dimensions ২২ সে. মি.
650 ## - SUBJECT ADDED ENTRY--TOPICAL TERM
Topical term or geographic name as entry element Bengali Novel
942 ## - ADDED ENTRY ELEMENTS (KOHA)
Source of classification or shelving scheme Dewey Decimal Classification
Koha item type Books
Koha issues (borrowed), all copies 1
Holdings
Source of classification or shelving scheme Damaged status Not for loan Home library Current library Shelving location Date of accession Source of acquisition Cost, normal purchase price Total Checkouts Full call number Barcode Date last seen Date checked out Copy number Koha item type
Dewey Decimal Classification     JCC Rouf Library JCC Rouf Library General Stacks 10/04/2017 IPDC 225.00 1 891.443 HAQ 1976 1304 07/03/2022 06/08/2022 C-1 Books
Dewey Decimal Classification     JCC Rouf Library JCC Rouf Library General Stacks 11/06/2017       891.443 HAQ 1976 4469 11/06/2017   C-2 Books

JCC Library | Contacts | JCC Home

Last Update on 23 September 2017
Copyright @ 2017-2020 JCC Rouf Library
Rouf Library, Jhenidah Cadet College (JCC), Bangladesh